Big box preservation

Salvato in:
Dettagli Bibliografici
Autore principale: Švarcová, Alexandra (Autore)
Altri autori: Janák, Michal (Relatore della tesi)
Natura: Manoscritto Libro
Lingua:slovacco
Pubblicazione: 2025
Soggetti:
Accesso online:http://is.stuba.sk/zp/portal_zp.pl?podrobnosti=185948
Tags: Aggiungi Tag
Nessun Tag, puoi essere il primo ad aggiungerne!!

MARC

LEADER 00000ntm a22000003a 4500
001 stuzp104617
003 SK-STU
005 20250607210647.6
007 ta
008 150427s2015----xo-----f-mn---000-0-slo-d
040 |a STU  |b slo 
041 0 |a slo 
100 1 |a Švarcová, Alexandra  |u 050000  |4 aut  |T FAD Fakulta architektúry a dizajnu  |X 103535  |U A  |Y 50  |7 103535 
242 0 1 |a BIG BOX PRESERVATION  |y eng 
245 1 0 |a Big box preservation 
260 |c 2025 
650 4 |a contrast  |2 eng 
650 4 |a linearity  |2 eng 
650 4 |a variability  |2 eng 
650 4 |a permeability  |2 eng 
650 4 |a urban landscape  |2 eng 
650 4 |a big box transformation  |2 eng 
650 4 |a kontrast  |2 slo 
650 4 |a linearita  |2 slo 
650 4 |a variabilnosť  |2 slo 
650 4 |a priepustnosť  |2 slo 
650 4 |a mestská krajina  |2 slo 
650 4 |a big box transformácia  |2 slo 
700 1 |a Janák, Michal  |4 ths  |X 40127  |7 A000040127 
856 4 |u http://is.stuba.sk/zp/portal_zp.pl?podrobnosti=185948